000 01030nam a22003137a 4500
001 4947
003 FISKH
005 20260313092059.0
008 241028b cb ||||| |||| 00| 0 eng d
020 _a9780763624385
020 _a9781406312751
040 _aFISKH
_beng
_cFISKH
_dFISKH
050 _aPZ10.D2865
082 _a599.4
100 _aDavies, Nicola
_d(1958–)
245 _aBat loves the night /
_cNicola Davies illustrated by Sarah Fox-Davies
250 _aFirst U.S paperback edition in 2004.
260 _aMassachusetts :
_bCandlewick,
_c2004.
300 _a28 pages :
_bColor illustrations ;
_c25 cm
505 _aP
520 _aBat wakes up, flies into the night, uses the echoes of her voice to navigate, hunts for her supper, and returns to her roost to feed her baby.
521 8 _a640L
_bLexile
521 8 _aP
_bRaz-Plus
650 _2Non-fiction
_aPicture book
650 _2Animals
_aInformational
700 _aFox-davies, Sarah
_dIllustrator
942 _2ddc
_cBK
_n0
999 _c4947
_d4947